| 000 | 00691cab a2200253 4500 | ||
|---|---|---|---|
| 001 | X800 | ||
| 008 | 090401t1993 xxu||||| |||| 00| 0 eng d | ||
| 035 | _a(Sirsi) u67509 | ||
| 041 | _aeng | ||
| 245 | _aRio Agency 21 -marine issues | ||
| 260 | _c1993 | ||
| 350 | _a0 | ||
| 490 |
_aCS Monthly : Planning and Development bulletin _v2(9) June 1993, 7(1) |
||
| 650 | _aCOASTAL MANAGEMENT | ||
| 650 | _aICCOPS | ||
| 650 | _aINTERNATIONAL COOPERATION | ||
| 650 | _aINTERNATIONAL MARITIME LAW | ||
| 650 | _aOCEAN MANAGEMENT | ||
| 650 | _aUN CONFERENCE ON ENVIRONEMNT AND DEVELOPMENT | ||
| 650 | _aUNITED NATIONS | ||
| 690 | _aMARINE RESOURCES | ||
| 942 | _n0 | ||
| 948 | _c04/03/1997 | ||
| 999 |
_c42238 _d42238 |
||